Správy vyčleneného národního orgánu MISON ČSSR
Gespeichert in:
| Format: | Buch |
|---|---|
| Sprache: | Tschechisch |
| Veröffentlicht: |
Praha
Základní knihovna - Ústředí věd. inf. ČSAV
1983
|
| Tags: |
Keine Tags, Fügen Sie das erste Tag hinzu!
|
MARC
| LEADER | 00000nam a2200000 4500 | ||
|---|---|---|---|
| 001 | c114827 | ||
| 005 | 20150326095121.1 | ||
| 041 | 0 | |a cze | |
| 044 | |a CZ | ||
| 245 | 1 | 0 | |a Správy vyčleneného národního orgánu MISON ČSSR |
| 264 | 1 | |a Praha |b Základní knihovna - Ústředí věd. inf. ČSAV |c 1983 | |
| 300 | |a 81 s. | ||